| 000 | 00955nam a2200289 i 4500 | ||
|---|---|---|---|
| 001 | 000008352 | ||
| 003 | DO-SdBNP | ||
| 005 | 20250430121825.0 | ||
| 007 | ta | ||
| 008 | 090916s1981 dr 001 0 spa d | ||
| 040 |
_aDO-SdBNP _bspa _cBNPHU _erda |
||
| 049 | _aBNPD | ||
| 082 | 4 |
_a658.3 _bA485a _222 |
|
| 100 | 1 |
_aAmaro Guzmán, Raymundo _eautor _9656 |
|
| 245 | 1 | 0 |
_aAdministración de personal en el servicio público : _bantecedentes y perspectivas / _cRaymundo Amaro Guzmán, Víctor Melitón Rodríguez R. |
| 264 |
_aSanto Domingo : _bONAP, _c1981. |
||
| 300 |
_a253 páginas ; _c20 cm. |
||
| 336 |
_2rdacontent _atexto _btxt |
||
| 337 |
_2rdamedia _asin mediación _bn |
||
| 338 |
_2rdacarrier _avolumen _bnc |
||
| 590 | _aInventariado, 2023/BT | ||
| 650 | 0 |
_aAdministración de personal _91581 |
|
| 650 | 4 |
_aPlanificación de recursos humanos _97604 |
|
| 700 | 1 |
_aMelitón Rodríguez, Víctor _921051 |
|
| 910 | _aBtavárez | ||
| 942 |
_2ddc _cLBS1 |
||
| 999 |
_c8123 _d8123 |
||